[Event "I Torneo Maestros Revista Tiempo"]
[Site "Madrid ESP"]
[Date "2005.05.26"]
[Round "6.3"]
[White "Gonzalez Somoza, Oliver"]
[Black "Adekola, Adedeji"]
[Result "1-0"]
[WhiteElo "2224"]
[BlackElo "2113"]
[PlyCount "93"]
[EventDate "2005.05.23"]
[EventType "tourn"]
[EventRounds "9"]
[EventCountry "ESP"]
[Source "lmi"]
[SourceDate "2005.05.28"]

1. e4 e5 2. Nf3 Nc6 3. Bc4 Be7 4. d4 exd4 5. c3 Na5 6. Qa4 Nxc4 7. Qxc4 Nf6 8.
e5 d5 9. Qb5+ c6 10. Qa4 Ne4 11. Nbd2 Nc5 12. Qc2 Bg4 13. Nxd4 O-O 14. O-O f6
15. exf6 Bxf6 16. N2b3 Nxb3 17. Nxb3 Be5 18. f4 Bc7 19. Be3 Qh4 20. Qf2 Qxf2+
21. Rxf2 Rae8 22. Bd2 Bb6 23. Nd4 a5 24. h3 c5 25. Nb3 a4 26. hxg4 axb3 27. Kf1
c4 28. Re2 Rxe2 29. Kxe2 Ra8 30. a3 Bc5 31. Kf3 d4 32. Ke4 Rd8 33. a4 Ba7 34.
a5 Re8+ 35. Kd5 Re2 36. Rd1 Rxg2 37. Kxc4 Rxg4 38. cxd4 Bb8 39. Re1 Bxf4 40.
Bb4 Bg5 41. Re8+ Kf7 42. Rb8 Bf6 43. Rxb7+ Ke6 44. Bc5 Rg2 45. Rxb3 Rc2+ 46.
Kd3 Rc1 47. a6 1-0

[Event "I Torneo Maestros Revista Tiempo"]
[Site "Madrid ESP"]
[Date "2005.05.26"]
[Round "6.4"]
[White "Longa Yauca, Javier"]
[Black "Lopez de Turiso, Jose Angel"]
[Result "1-0"]
[WhiteElo "2336"]
[BlackElo "2117"]
[PlyCount "158"]
[EventDate "2005.05.23"]
[EventType "tourn"]
[EventRounds "9"]
[EventCountry "ESP"]
[Source "lmi"]
[SourceDate "2005.05.28"]

1. d4 d5 2. Nf3 c6 3. e3 f5 4. Ne5 Nf6 5. Bd3 e6 6. g4 fxg4 7. Nxg4 Nbd7 8. Nd2
Bd6 9. f4 Qe7 10. Nf2 Nf8 11. Nf3 Bd7 12. Ne5 O-O-O 13. Rg1 Be8 14. c4 Bxe5 15.
fxe5 N6d7 16. Bd2 Kb8 17. Qg4 Bg6 18. Be2 Nb6 19. c5 Nc8 20. b4 Rg8 21. b5 cxb5
22. Bxb5 Qc7 23. Qd1 Ne7 24. Qa4 Nc6 25. Nd3 Bxd3 26. Bxd3 g6 27. Rb1 Ka8 28.
Rf1 Nd7 29. Bb5 Ndb8 30. Rf6 Qe7 31. Ke2 Rgf8 32. Rbf1 Rc8 33. Qd1 Nd7 34. Rxf8
Rxf8 35. Rxf8+ Qxf8 36. Qf1 Qxf1+ 37. Kxf1 Kb8 38. Kg2 Kc7 39. Kf3 a6 40. Bf1
Kd8 41. Bc3 Ke8 42. h4 Kf7 43. Kf4 h6 44. Bh3 Ne7 45. Ba5 Nb8 46. a3 Nbc6 47.
Be1 Nf5 48. Bf2 Ke7 49. Bf1 Kf7 50. Bd3 Ke7 51. Kg4 Kf7 52. h5 Nfe7 53. hxg6+
Nxg6 54. Kh5 Nge7 55. Kxh6 Na5 56. Kg5 Nc4 57. a4 Nb2 58. Bc2 Nc6 59. Be1 Nc4
60. Kf4 Ke7 61. Bc3 Kd7 62. e4 Ne7 63. Bb3 Kc6 64. a5 Na3 65. Bb2 Nb5 66. Kg5
Kd7 67. Kf6 Ng8+ 68. Kg7 Ne7 69. Kf7 Nc6 70. exd5 exd5 71. e6+ Kc8 72. e7 Nc7
73. e8=Q+ Nxe8 74. Kxe8 Nxa5 75. Bxd5 Kc7 76. Bc3 Nc6 77. Bc4 a5 78. d5 Nb4 79.
Be5+ Kc8 1-0

[Event "I Torneo Maestros Revista Tiempo"]
[Site "Madrid ESP"]
[Date "2005.05.26"]
[Round "6.5"]
[White "Alvarez Abejon, Amilcar"]
[Black "De la Barrera Montenegro, Eduardo"]
[Result "1-0"]
[WhiteElo "2133"]
[BlackElo "2037"]
[PlyCount "47"]
[EventDate "2005.05.23"]
[EventType "tourn"]
[EventRounds "9"]
[EventCountry "ESP"]
[Source "lmi"]
[SourceDate "2005.05.28"]

1. e4 e5 2. Nf3 Nf6 3. Nxe5 d6 4. Nf3 Nxe4 5. d4 d5 6. Bd3 Bd6 7. O-O O-O 8. c4
c6 9. Nc3 Nxc3 10. bxc3 Bg4 11. Rb1 dxc4 12. Bxc4 Nd7 13. Re1 Nb6 14. Bf1 Qf6
15. c4 Bxf3 16. Qxf3 Qxf3 17. gxf3 c5 18. Ba3 Rfc8 19. Rb5 Bf8 20. Bxc5 Bxc5
21. dxc5 Nd7 22. Bh3 Rc7 23. Re7 Rd8 24. Rxd7 1-0

[Event "I Torneo Maestros Revista Tiempo"]
[Site "Madrid ESP"]
[Date "2005.05.27"]
[Round "7.2"]
[White "Lopez de Turiso, Jose Angel"]
[Black "Alvarez Abejon, Amilcar"]
[Result "1-0"]
[WhiteElo "2117"]
[BlackElo "2133"]
[PlyCount "105"]
[EventDate "2005.05.23"]
[EventType "tourn"]
[EventRounds "9"]
[EventCountry "ESP"]
[Source "lmi"]
[SourceDate "2005.05.28"]

1. e4 e5 2. Nf3 Nc6 3. Bb5 a6 4. Bxc6 dxc6 5. Nc3 f6 6. d4 exd4 7. Nxd4 c5 8.
Nde2 Qxd1+ 9. Nxd1 Bd6 10. Bf4 Bxf4 11. Nxf4 Ne7 12. Ne3 Bd7 13. Nfd5 Nxd5 14.
Nxd5 O-O-O 15. O-O-O Rhe8 16. Rhe1 c4 17. f3 Be6 18. Nf4 Bf7 19. Rxd8+ Rxd8 20.
c3 g5 21. Ne2 c5 22. Rd1 Rd3 23. Kc2 Kc7 24. Nc1 Rxd1 25. Kxd1 Kd6 26. Kd2 b5
27. Ke3 Bg6 28. Ne2 Ke6 29. f4 Bh5 30. Ng3 Be8 31. Nf5 Bc6 32. g4 Bb7 33. h4
gxh4 34. Nxh4 Bc6 35. Nf3 Ba8 36. f5+ Ke7 37. Kf4 h6 38. Nh4 Kd6 39. Ng6 Bc6
40. e5+ fxe5+ 41. Nxe5 Be8 42. Ke4 a5 43. Kf4 Kd5 44. Nf3 Bd7 45. Nd2 Be8 46.
Ne4 Bf7 47. Nf6+ Kd6 48. Ke4 a4 49. a3 Kc6 50. Ke5 Kc7 51. Ne4 Kc6 52. Nd6 Bd5
53. f6 1-0

[Event "I Torneo Maestros Revista Tiempo"]
[Site "Madrid ESP"]
[Date "2005.05.27"]
[Round "7.3"]
[White "Adekola, Adedeji"]
[Black "Longa Yauca, Javier"]
[Result "0-1"]
[WhiteElo "2113"]
[BlackElo "2336"]
[PlyCount "34"]
[EventDate "2005.05.23"]
[EventType "tourn"]
[EventRounds "9"]
[EventCountry "ESP"]
[Source "lmi"]
[SourceDate "2005.05.28"]

1. e4 Nf6 2. e5 Nd5 3. Nc3 Nxc3 4. bxc3 d6 5. exd6 cxd6 6. c4 Nc6 7. Bb2 e5 8.
Ne2 g6 9. g3 Be6 10. d3 d5 11. Bg2 dxc4 12. O-O cxd3 13. cxd3 Bg7 14. Qa4 O-O
15. Rac1 Qxd3 16. Rfe1 Rad8 17. Rc3 Qd2 0-1

[Event "I Torneo Maestros Revista Tiempo"]
[Site "Madrid ESP"]
[Date "2005.05.27"]
[Round "7.4"]
[White "Salgado Lopez, Oscar"]
[Black "Gonzalez Somoza, Oliver"]
[Result "1/2-1/2"]
[WhiteElo "2132"]
[BlackElo "2224"]
[PlyCount "26"]
[EventDate "2005.05.23"]
[EventType "tourn"]
[EventRounds "9"]
[EventCountry "ESP"]
[Source "lmi"]
[SourceDate "2005.05.28"]

1. e4 c5 2. Nf3 d6 3. Nc3 Nf6 4. d4 cxd4 5. Nxd4 e5 6. Bb5+ Nbd7 7. Nf5 a6 8.
Bxd7+ Qxd7 9. Ne3 Qc6 10. O-O Be7 11. Ned5 Nxd5 12. Nxd5 Be6 13. Re1 Bxd5
1/2-1/2

[Event "I Torneo Maestros Revista Tiempo"]
[Site "Madrid ESP"]
[Date "2005.05.27"]
[Round "7.5"]
[White "Navarro Nicolas, Victor Manuel"]
[Black "Roa Alonso, Santiago"]
[Result "0-1"]
[WhiteElo "2176"]
[BlackElo "2367"]
[PlyCount "70"]
[EventDate "2005.05.23"]
[EventType "tourn"]
[EventRounds "9"]
[EventCountry "ESP"]
[Source "lmi"]
[SourceDate "2005.05.28"]

1. d4 Nf6 2. c4 c5 3. d5 e6 4. Nc3 exd5 5. cxd5 d6 6. e4 g6 7. f4 Bg7 8. Nf3
O-O 9. Be2 Bg4 10. O-O Bxf3 11. Bxf3 Nbd7 12. Re1 Re8 13. Be3 b5 14. e5 dxe5
15. Nxb5 e4 16. Be2 Nb6 17. d6 Nfd5 18. Bxc5 Nxf4 19. Bd4 Qg5 20. Bf1 Rad8 21.
g3 Nd3 22. Bxd3 Bxd4+ 23. Nxd4 Rxd6 24. Nb5 Rxd3 25. Qxd3 exd3 26. Rxe8+ Kg7
27. Nc3 Qc5+ 28. Kf1 Qc6 29. Ree1 Qh1+ 30. Kf2 Qxh2+ 31. Kf3 Qxb2 32. Ne4 Nc4
33. Rad1 Qxa2 34. g4 d2 35. Rh1 Qb3+ 0-1

[Event "I Torneo Maestros Revista Tiempo"]
[Site "Madrid ESP"]
[Date "2005.05.28"]
[Round "8.1"]
[White "Perez Gonzalez, Jose Manuel"]
[Black "Roa Alonso, Santiago"]
[Result "1/2-1/2"]
[WhiteElo "2277"]
[BlackElo "2367"]
[PlyCount "107"]
[EventDate "2005.05.23"]
[EventType "tourn"]
[EventRounds "9"]
[EventCountry "ESP"]
[Source "lmi"]
[SourceDate "2005.05.28"]

1. e4 c5 2. Nf3 d6 3. d4 cxd4 4. Nxd4 Nf6 5. Nc3 a6 6. Bc4 e6 7. O-O b5 8. Bb3
Bb7 9. Re1 Nc6 10. a4 b4 11. Nxc6 Bxc6 12. Nd5 Be7 13. Nxe7 Qxe7 14. Bg5 a5 15.
Qd4 O-O 16. Rad1 Rfd8 17. Rd3 e5 18. Qe3 h6 19. Bxf6 Qxf6 20. Qb6 Be8 21. Red1
Rdb8 22. Qxd6 Qxd6 23. Rxd6 Kf8 24. g3 Rc8 25. f4 exf4 26. gxf4 Rc5 27. R6d5
Rac8 28. Kf2 f6 29. Rxc5 Rxc5 30. Rd5 Rxd5 31. exd5 g5 32. c4 bxc3 33. bxc3 h5
34. c4 h4 35. c5 Ke7 36. Bc2 Kd8 37. Ke3 Kc7 38. fxg5 fxg5 39. Kd4 g4 40. Ke3
Bd7 41. Kf4 Bc8 42. Bd1 Bd7 43. c6 g3 44. hxg3 hxg3 45. Kxg3 Bc8 46. Bg4 Ba6
47. Kf4 Kd6 48. Ke4 Bc4 49. Kd4 Bb3 50. c7 Kxc7 51. Kc5 Bxa4 52. d6+ Kd8 53.
Kb6 Bb3 54. Kxa5 1/2-1/2

[Event "I Torneo Maestros Revista Tiempo"]
[Site "Madrid ESP"]
[Date "2005.05.28"]
[Round "8.2"]
[White "Gonzalez Somoza, Oliver"]
[Black "Navarro Nicolas, Victor Manuel"]
[Result "0-1"]
[WhiteElo "2224"]
[BlackElo "2176"]
[PlyCount "62"]
[EventDate "2005.05.23"]
[EventType "tourn"]
[EventRounds "9"]
[EventCountry "ESP"]
[Source "lmi"]
[SourceDate "2005.05.28"]

1. e4 e6 2. d4 d5 3. e5 c5 4. c3 Qb6 5. Nf3 Nc6 6. Bd3 cxd4 7. cxd4 Bd7 8. O-O
Nxd4 9. Nxd4 Qxd4 10. Nc3 a6 11. Qe2 Ne7 12. Kh1 Nc6 13. f4 Bc5 14. a3 Na5 15.
Qc2 Nb3 16. Qxb3 Qxd3 17. Rf3 Qc4 18. Qxb7 Rd8 19. Bd2 O-O 20. b3 Qd4 21. Rd1
Bxa3 22. Qxa6 Ra8 23. Qe2 Rfb8 24. Be1 Qc5 25. Rg3 Bb4 26. f5 d4 27. Qg4 Qxe5
28. Qxd4 Qxd4 29. Rxd4 Ra1 30. Nd1 Bxe1 31. Rgd3 Be8 0-1

[Event "I Torneo Maestros Revista Tiempo"]
[Site "Madrid ESP"]
[Date "2005.05.28"]
[Round "8.3"]
[White "Longa Yauca, Javier"]
[Black "Salgado Lopez, Oscar"]
[Result "0-1"]
[WhiteElo "2336"]
[BlackElo "2132"]
[PlyCount "86"]
[EventDate "2005.05.23"]
[EventType "tourn"]
[EventRounds "9"]
[EventCountry "ESP"]
[Source "lmi"]
[SourceDate "2005.05.28"]

1. d4 d5 2. Nf3 Nf6 3. c4 c6 4. g3 Bf5 5. Nc3 e6 6. Bg2 h6 7. O-O Be7 8. Qb3
Qb6 9. c5 Qc7 10. Bf4 Qc8 11. Rac1 Nbd7 12. Bd6 Bxd6 13. cxd6 Qb8 14. Ne5 O-O
15. Qa3 Rd8 16. Nxd7 Rxd7 17. f3 b5 18. Qc5 Rxd6 19. e4 Nd7 20. Qb4 a5 21. Qb3
Qb6 22. exf5 Qxd4+ 23. Kh1 exf5 24. Ne2 Qf6 25. Nf4 g5 26. Nd3 Re8 27. Rfe1
Rde6 28. Rxe6 Rxe6 29. Qc2 Kg7 30. Qf2 a4 31. f4 g4 32. Kg1 Qe7 33. Qd4+ f6 34.
Qa7 c5 35. Bxd5 Re2 36. Qa8 Nf8 37. Kf1 c4 38. Qb7 Qxb7 39. Bxb7 cxd3 40. Rc7+
Kg6 41. Bc6 h5 42. Bxb5 Ne6 43. Bxd3 Rxb2 0-1

[Event "I Torneo Maestros Revista Tiempo"]
[Site "Madrid ESP"]
[Date "2005.05.28"]
[Round "8.4"]
[White "Alvarez Abejon, Amilcar"]
[Black "Adekola, Adedeji"]
[Result "0-1"]
[WhiteElo "2133"]
[BlackElo "2113"]
[PlyCount "62"]
[EventDate "2005.05.23"]
[EventType "tourn"]
[EventRounds "9"]
[EventCountry "ESP"]
[Source "lmi"]
[SourceDate "2005.05.28"]

1. e4 e5 2. Nf3 Nc6 3. Bb5 a6 4. Bxc6 dxc6 5. Nc3 f6 6. d4 exd4 7. Nxd4 c5 8.
Nde2 Be6 9. Bf4 Bd6 10. Bxd6 Qxd6 11. Qxd6 cxd6 12. O-O-O O-O-O 13. Nf4 Bf7 14.
Rd2 Ne7 15. Rhd1 Kc7 16. f3 Rhe8 17. g4 g5 18. Nfd5+ Nxd5 19. Nxd5+ Bxd5 20.
Rxd5 Re5 21. h4 Rxd5 22. exd5 Re8 23. hxg5 fxg5 24. Rh1 Re7 25. Rh5 Rg7 26. Kd2
b5 27. Rh6 Re7 28. b3 b4 29. Kd3 Re5 30. Rxh7+ Kb6 31. Kc4 Re3 0-1

[Event "I Torneo Maestros Revista Tiempo"]
[Site "Madrid ESP"]
[Date "2005.05.28"]
[Round "8.5"]
[White "De la Barrera Montenegro, Eduardo"]
[Black "Lopez de Turiso, Jose Angel"]
[Result "1-0"]
[WhiteElo "2117"]
[BlackElo "2037"]
[PlyCount "93"]
[EventDate "2005.05.23"]
[EventType "tourn"]
[EventRounds "9"]
[EventCountry "ESP"]
[Source "lmi"]
[SourceDate "2005.05.28"]

1. e4 e5 2. Nf3 Nc6 3. Bb5 f5 4. d3 fxe4 5. dxe4 Nf6 6. O-O d6 7. Nc3 Be7 8.
Qd3 a6 9. Bxc6+ bxc6 10. Qc4 Bd7 11. Ng5 Rf8 12. Bd2 h6 13. Ne6 Bxe6 14. Qxe6
Qd7 15. Qb3 Nh5 16. f4 Nxf4 17. Bxf4 exf4 18. Qb7 Rc8 19. Qxa6 Bf6 20. Qd3 Be5
21. a4 Ke7 22. a5 Ra8 23. a6 Ra7 24. Ra5 Qe6 25. b4 Qf6 26. Ne2 g5 27. Ng3 Bc3
28. Nf5+ Kd7 29. Qc4 Rb8 30. Rb1 c5 31. Rb5 Rb6 32. bxc5 Rbxa6 33. cxd6 Ra1 34.
dxc7 Rxb1+ 35. Rxb1 Rxc7 36. Qd5+ Kc8 37. Nd6+ Kd7 38. Nb5+ Ke7 39. Nxc7 Bd4+
40. Kh1 f3 41. Rf1 f2 42. Nb5 Be3 43. e5 Qb6 44. Qd6+ Qxd6 45. exd6+ Kd7 46. g3
Kc6 47. c4 1-0

[Event "I Torneo Maestros Revista Tiempo"]
[Site "Madrid ESP"]
[Date "2005.05.29"]
[Round "9.1"]
[White "Lopez de Turiso, Jose Angel"]
[Black "Perez Gonzalez, Jose Manuel"]
[Result "1/2-1/2"]
[WhiteElo "2117"]
[BlackElo "2277"]
[PlyCount "142"]
[EventDate "2005.05.23"]
[EventType "tourn"]
[EventRounds "9"]
[EventCountry "ESP"]
[Source "lmi"]
[SourceDate "2005.05.28"]

1. c4 g6 2. Nc3 Bg7 3. g3 Nf6 4. Bg2 O-O 5. Nf3 d6 6. O-O Nc6 7. d3 Nh5 8. Bd2
f5 9. Qc1 e5 10. Bh6 f4 11. Bxg7 Kxg7 12. Rb1 a5 13. a3 Be6 14. b4 axb4 15.
axb4 h6 16. b5 Ne7 17. Qb2 Kh7 18. Ra1 Qd7 19. Rxa8 Rxa8 20. Ra1 Rxa1+ 21. Qxa1
Bh3 22. Bh1 Nf6 23. Qa7 b6 24. Na2 Nf5 25. Nb4 g5 26. Na6 Ne8 27. Qa8 Ne7 28.
Nd2 Be6 29. Ne4 Kg7 30. Nc3 Qc8 31. Qxc8 Bxc8 32. Nd5 Nxd5 33. Bxd5 Bd7 34. Kg2
Kf8 35. Bc6 Ke7 36. Kf3 Kd8 37. Bxd7 Kxd7 38. Ke4 Ke6 39. gxf4 gxf4 40. e3 Nf6+
41. Kf3 fxe3 42. fxe3 Kd7 43. Kg3 c6 44. Nb8+ Kc7 45. Nxc6 e4 46. d4 d5 47. Ne5
dxc4 48. Nxc4 Nd5 49. Kg4 Nc3 50. Kf5 Nxb5 51. Kxe4 Nc3+ 52. Kd3 Nd5 53. e4 Nf6
54. e5 Nd5 55. Ke4 Nc3+ 56. Kf5 b5 57. Nd6 b4 58. Nc4 b3 59. h4 Kd7 60. e6+ Ke7
61. Ke5 Nd1 62. d5 b2 63. Nxb2 Nxb2 64. d6+ Kd8 65. Kf6 Nc4 66. d7 Nd6 67. Kg6
Ke7 68. Kxh6 Kxe6 69. Kg6 Kxd7 70. h5 Ke7 71. h6 Nf7 1/2-1/2

[Event "I Torneo Maestros Revista Tiempo"]
[Site "Madrid ESP"]
[Date "2005.05.29"]
[Round "9.2"]
[White "Adekola, Adedeji"]
[Black "De la Barrera Montenegro, Eduardo"]
[Result "1/2-1/2"]
[WhiteElo "2113"]
[BlackElo "2037"]
[PlyCount "90"]
[EventDate "2005.05.23"]
[EventType "tourn"]
[EventRounds "9"]
[EventCountry "ESP"]
[Source "lmi"]
[SourceDate "2005.05.28"]

1. e4 e5 2. Nf3 Nc6 3. Bc4 Nf6 4. d3 d5 5. exd5 Nxd5 6. Qe2 Qd6 7. d4 Bg4 8.
dxe5 Qb4+ 9. Nbd2 O-O-O 10. O-O Nd4 11. Qe4 Bxf3 12. gxf3 Nf4 13. c3 Nde2+ 14.
Kh1 Nxc3 15. bxc3 Qxc3 16. Nb3 Ng6 17. Be3 Qxe5 18. Qxe5 Nxe5 19. Be2 Ba3 20.
Rad1 b6 21. f4 Ng6 22. Nd4 Kb7 23. Bf3+ Ka6 24. Nc6 Rd6 25. Rxd6 Bxd6 26. Rd1
Re8 27. f5 Ne7 28. Nd4 Be5 29. Nc6 Nxf5 30. Nxe5 Nxe3 31. fxe3 Rxe5 32. Rd3 c5
33. Kg2 Kb5 34. Kf2 c4 35. Rd7 Kb4 36. Rxa7 c3 37. Ke2 Rc5 38. Kd1 Rf5 39. Be4
Re5 40. Bc2 Rxe3 41. Rxf7 Rh3 42. Rxg7 Rxh2 43. Rxh7 Rxh7 44. Bxh7 Ka3 45. Bb1
Kb2 1/2-1/2

[Event "I Torneo Maestros Revista Tiempo"]
[Site "Madrid ESP"]
[Date "2005.05.29"]
[Round "9.5"]
[White "Roa Alonso, Santiago"]
[Black "Gonzalez Somoza, Oliver"]
[Result "1/2-1/2"]
[WhiteElo "2367"]
[BlackElo "2224"]
[PlyCount "58"]
[EventDate "2005.05.23"]
[EventType "tourn"]
[EventRounds "9"]
[EventCountry "ESP"]
[Source "lmi"]
[SourceDate "2005.05.28"]

1. e4 e5 2. Nf3 Nc6 3. Bb5 a6 4. Ba4 Nf6 5. O-O b5 6. Bb3 Be7 7. Re1 O-O 8. h3
Bb7 9. d3 a5 10. a4 b4 11. Nbd2 Bc5 12. Nc4 Re8 13. Bg5 h6 14. Bh4 d6 15. Ne3
Bxe3 16. Rxe3 Nd4 17. Nxd4 exd4 18. Rg3 d5 19. Qf3 Ra6 20. Qf5 Qd6 21. Bxf6
Qxf6 22. Qd7 Re7 23. Qb5 Rb6 24. Qxa5 dxe4 25. dxe4 Rxe4 26. Qc5 Re2 27. Rf1
Qe5 28. Qxe5 Rxe5 29. Rd1 c5 1/2-1/2